000
00246nam a2200121Ia 4500
100
_a
#N/A
942
_c
BK
245
_a
Introduction to VLSI Circuits & Systems by Uyemura
260
_b
#N/A
082
_b
5633
546
_a
ENGLISH
999
_c
27433
_d
27433